| 000 | 01111nam1a22002891i 4500 | ||
|---|---|---|---|
| 001 | v19\rc\1745974 | ||
| 005 | 20240723124823.0 | ||
| 035 | _a(NLR Aleph) 004851532 | ||
| 090 |
_a4926092 _c4926092 |
||
| 100 | _a20061204d1902 |||y0rusy50 ca | ||
| 101 | 0 | _arus | |
| 102 | _aRU | ||
| 105 | _ay z ||||| | ||
| 200 | 1 | _aМеждународный Конгресс по рыболовству и рыбоводству 1902 г. в С.-Петербурге | |
| 210 |
_aСанкт-Петербург _d1902 |
||
| 215 | _d24 | ||
| 532 | 1 | 1 | _aМеждународный Конгресс по рыболовству и рыбоводству тысяча девятьсот второго года в С.-Петербурге |
| 710 | 1 | 2 |
_aМеждународный конгресс по рыболовству и рыбоводству _f1902 _eПетербург |
| 801 | 0 |
_aRU _bNLR _gpsbo |
|
| 801 | 0 |
_aRU _bRuMoRGB _2psbo |
|
| 801 | 1 |
_aRU _bProSoft-M _2rusmarc |
|
| 852 |
_aNLR _j38.47.7.54 |
||
| 852 |
_aNLR _j52/956 |
||
| 899 |
_aRuMoRGB _jG 44/220 |
||
| 899 | _aБАН | ||
| 899 | _aНБ СПбГУ | ||
| 942 | _cBOOK | ||